| 000 | 00817cab a2200277 4500 | ||
|---|---|---|---|
| 001 | ABS53205 | ||
| 008 | 090401t1995 xxu||||| |||| 00| 0 eng d | ||
| 035 | _a(Sirsi) u2642 | ||
| 041 | _aeng | ||
| 100 | _aLane, C. | ||
| 245 | _aPutting on their war paint | ||
| 260 | _c1995 | ||
| 350 | _a0 | ||
| 490 |
_aProperty Week _v52(1) 6 July 1995, 30-32(3) |
||
| 520 | _aExamines the property needs of the DIY retailers who are opting for fresh store formats and value for money pricing strategies as the competition between them increases. | ||
| 650 | _aB & Q | ||
| 650 | _aDIY RETAILERS | ||
| 650 | _aDIY WAREHOUSES | ||
| 650 | _aFOCUS DIY | ||
| 650 | _aOCCUPIER MONITOR | ||
| 650 | _aVERDICT RESEARCH | ||
| 650 | _aWICKES | ||
| 690 | _aPROPERTY-COMMERCIAL PROPERTY | ||
| 942 | _n0 | ||
| 948 | _c04/03/1997 | ||
| 999 |
_c1589 _d1589 |
||